[Event "HUN-chT2 Maroczy 0910"]
[Site "Hungary"]
[Date "2009.11.08"]
[Round "1"]
[White "Kral, Peter"]
[Black "Meszaros, Matyas"]
[Result "1-0"]
[WhiteElo "2238"]
[BlackElo "2198"]
[PlyCount "121"]
[EventDate "2009.11.08"]
[EventType "team-tourn"]
[EventRounds "11"]
[EventCountry "HUN"]
[SourceTitle "EXT 2011"]
[Source "ChessBase"]
[SourceDate "2010.11.26"]
[SourceVersion "1"]
[SourceVersionDate "2010.11.26"]
[SourceQuality "1"]
[WhiteTeam "Nyiregyhaza"]
[BlackTeam "Penzugyor II"]
[WhiteTeamCountry "HUN"]
[BlackTeamCountry "HUN"]

1. e4 g6 2. d4 Bg7 3. f4 c6 4. Nf3 d5 5. e5 h5 6. Bd3 Nh6 7. Nbd2 Bf5 8. Nf1 Qd7 9. Ne3 Bxd3 10. Qxd3 Nf5 11. 0-0 Na6 12. Bd2 Nc7 13. b4 Nxe3 14. Bxe3 Qf5 15. Qxf5 gxf5 16. Bd2 Ne6 17. a4 Nf8 18. Ra3 a6 19. Rfa1 b6 20. Be3 Rc8 21. Rc1 Kd7 22. Ng5 f6 23. Nf3 Ng6 24. c4 e6 25. Rac3 dxc4 26. Rxc4 Ne7 27. Bd2 Nd5 28. Ne1 fxe5 29. dxe5 Bf8 30. Nd3 Be7 31. Kf2 Bh4+ 32. Kf3 Rhg8 33. a5 Be7 34. axb6 Nxb6 35. Nc5+ Bxc5 36. Rxc5 Nd5 37. Ra5 Ra8 38. Rca1 Rgb8 39. Rxa6 Rxa6 40. Rxa6 Rb7 41. Ra4 Kc7 42. Ke2 Kb6 43. Kd3 Rg7 44. g3 h4 45. Be1 hxg3 46. hxg3 c5 47. Bf2 Kb5 48. Ra5+ Kxb4 49. Be1+ Kb3 50. Rxc5 Nb4+ 51. Ke2 Rb7 52. Rc3+ Kb2 53. Rc4 Nd5 54. Rc6 Re7 55. Kd3 Kb3 56. Kd4 Re8 57. Rxe6 Rxe6 58. Kxd5 Ra6 59. e6 Ra4 60. Bf2 Re4 61. Bd4 1-0